Sons of the sun: rise and decline of fifth dynasty (Record no. 34896)

MARC details
000 -LEADER
fixed length control field 00430nam a2200169Ia 4500
020 ## - INTERNATIONAL STANDARD BOOK NUMBER
ISBN 9788073085414
050 ## - CALL MARK
Classification number DT 85 .V47/
100 ## - STATEMENT OF RESPONSIBILITY--MAIN AUTHOR NAME
Personal name Verner, Miroslav
245 #0 - TITLE STATEMENT
Title Sons of the sun: rise and decline of fifth dynasty
260 ## - PUBLICATION, DISTRIBUTION, ETC. (IMPRINT)
Place of publication Praha
260 ## - PUBLICATION, DISTRIBUTION, ETC. (IMPRINT)
Name of publisher Faculty of art, Charles University
260 ## - PUBLICATION, DISTRIBUTION, ETC. (IMPRINT)
Year of publication 2014
300 ## - PHYSICAL DESCRIPTION
Number of Pages 306 p
942 ## - ADDED ENTRY ELEMENTS (KOHA)
Koha item type Books
Holdings
Withdrawn status Lost status Source of classification or shelving scheme Damaged status Not for loan Permanent Location Current Location Date acquired Accession Number Price effective from Koha item type
    Library of Congress Classification     NILE UNIVERSITY OF NIGERIA - MAIN LIBRARY NILE UNIVERSITY OF NIGERIA - MAIN LIBRARY 04/23/2025 0186393 04/23/2025 Books